000 00574nam a22001817a 4500
999 _c8288
_d8288
008 201105b ||||| |||| 00| 0 eng d
040 _aBMS College of Architecture
100 _aLakshmi, Sri V
245 _aUrban floods - A Case of Bengaluru
300 _a69p.
502 _8M.Arch (Habitat Design)
_NBMS College of Architecture, Visvesvaraya Technologycal Univesity
_aDessertation
_d2019
650 _aUrban
700 _aMamath P Raj
_eGuide
700 _aRachana D R
_eGuide
700 _aPooja S
_eGuide
700 _aSadashiv Chakravarthy
_eGuide
942 _2ddc
_cTHE